Statistiques concernant Les transformations physiques de l'eau

Cliquez ici pour prendre le quiz!

Statistiques générales

  • Ce quiz a été pris 101 fois
  • Le résultat moyen est 4 sur 6

Statistiques - réponses

De...à...Le nom des transformations% Correct
De liquide à gazeuxVaporisation
88%
De liquide à solideSolidification
86%
De solide à liquideFusion
69%
De gazeux à liquideLiquéfaction
69%
De solide à gazeuxSublimation
55%
De gazeux à solideCondensation
36%

Distribution des résultats

Percentile par nombre de réponses

% des personnes avec chaque résultat

Votre développement - résultats

Vous n’avez pas pris ce quiz